Countries Furthest from London - Statistics

General Stats
  • This quiz has been taken 47,123 times
  • The average score is 16 of 20
Answer Stats
km country % Correct
11,539 Australia
99%
14,870 New Zealand
97%
15,668 Fiji
90%
10,176 Chile
86%
13,487 Papua New Guinea
86%
15,727 Samoa
84%
12,588 Marshall Islands
83%
14,579 Solomon Islands
83%
14,907 Tuvalu
83%
15,575 Vanuatu
83%
12,136 F. S. Micronesia
82%
15,998 Tonga
82%
13,487 Kiribati
81%
14,214 Nauru
81%
12,111 Palau
81%
13,131 East Timor
76%
10,175 Philippines
76%
10,833 Singapore
72%
11,231 Brunei
69%
10,626 Uruguay
65%
No matching quizzes found
Score Distribution
Percent of People with Each Score
Percentile by Number Answered
Your Score History
You have not taken this quiz